000 00782nas a2200265 4500
001 BR2011003411
003 BR-BrBNA
005 20231205115022.0
007 ta
008 230509b bl.|||p| |||| 00| 00por d
040 _aBR-BrBNA
_bpor
_cBiblioteca Nacional de Agricultura
041 _a(Pt)
072 _aF02
100 1 _aSouza, A.V. de
100 1 _aBertoni, B.W.
100 1 _aFrança, S. de C.
100 1 _aPereira, A.M.S.
245 1 _aMicropropagação de Dioscorea multiflora Grised
650 _aPLANTA MEDICINAL
650 _aCULTURA IN VITRO
650 _aADAPTAÇÃO
773 0 _tCiência e Agrotecnologia (Brazil)
_xISSN 1413-7054
_g(Jan-Feb 2011), v. 35(1) p. 92-98
_wBR2011003411
909 _a202311
_bLúcia
_c55
_dLúcia Elande
942 _2AGRIS
_n0
_cANA
999 _c211686
_d211686